Poems in Lockdown: Cultural Aspects of English and Russian “Coroneologisms”

Skúmanie neologizmov vzniknutých počas pandémie v britskom a ruskom kontexte. Porovnaním týchto mikrolingvistických praktík je možné dozvedieť sa niečo o kultúrnej realite daných krajín. Výskum môže objasniť dlhotrvajúce otázky národných stereotypov.

Salvato in:
Dettagli Bibliografici
Autore principale: Ponton, Douglas
Altri autori: Davletshina, Dilyara
Natura: Capitolo di libro
Lingua:inglese
Soggetti:
Tags: Aggiungi Tag
Nessun Tag, puoi essere il primo ad aggiungerne!!

MARC

LEADER 00000naa a2200000 4500
001 0287115
005 20220803111941.4
041 0 |a eng 
044 |a PL 
245 1 0 |a Poems in Lockdown: Cultural Aspects of English and Russian “Coroneologisms”  |c Douglas Ponton, Dilyara Davletshina 
520 |a Skúmanie neologizmov vzniknutých počas pandémie v britskom a ruskom kontexte. Porovnaním týchto mikrolingvistických praktík je možné dozvedieť sa niečo o kultúrnej realite daných krajín. Výskum môže objasniť dlhotrvajúce otázky národných stereotypov. 
610 2 0 |a zásoba slovná 
610 2 0 |a jazykoveda 
610 2 0 |a jazyky cudzie 
610 2 0 |a národ 
610 2 0 |a pandémia 
100 1 |a Ponton, Douglas 
700 1 |a Davletshina, Dilyara